[Event "London Classic 6th"]
[Site "London"]
[Date "2014.12.12"]
[Round "3"]
[White "Adams, Michael"]
[Black "Kramnik, Vladimir"]
[Result "1/2-1/2"]
[WhiteElo "2745"]
[BlackElo "2769"]
[Annotator "Ftacnik,L"]
[PlyCount "107"]
[EventDate "2014.12.10"]
[EventType "tourn"]
[EventRounds "5"]
[EventCountry "ENG"]
[EventCategory "22"]
[SourceTitle "CBM 164"]
[Source "ChessBase"]
[SourceDate "2015.01.15"]
[SourceVersion "1"]
[SourceVersionDate "2015.01.15"]
[SourceQuality "1"]

1. e4 e5 2. Nf3 Nc6 3. Bb5 Nf6 4. O-O Nxe4 5. d4 Nd6 6. Bxc6 dxc6 7. dxe5 Nf5
8. Qxd8+ Kxd8 9. h3 Ke8 10. Nc3 h5 11. Bf4 Be7 12. Rad1 Be6 13. Ng5 Rh6 {
The rook move is definitely the main idea used in this position, but some
older analyses has been pleading for the bishop move 13...Bc4.} (13... Bc4 14.
Rfe1 Rd8 $1 15. Rxd8+ (15. b3 Ba6 16. Rxd8+ {-> 15.Rxd8}) 15... Bxd8 16. b3 Ba6
17. e6 Bxg5 18. exf7+ Kxf7 19. Bxg5 Re8 $11) 14. g3 (14. Nce4 c5 15. Nxe6 Rxe6
16. Rfe1 Rd8 17. Rxd8+ Kxd8 18. c3 $14 {Alekseev - Ponomariov, Saratov, 2011.})
14... Bc4 $146 {Black players are not experiencing problems in the Berlin
Defence, but thist does not exclude an active search for the best continuation
in every line. Kramnik is avoiding the immediate exchange on g5.} (14... Bxg5
15. Bxg5 Rg6 16. h4 (16. Bf4 Nh4 17. Kh1 Nf3 18. Kg2 (18. Rd3 $2 Bc4 19. Rxf3
Bxf1 $19) (18. h4 $2 Bh3 $19) 18... Nh4+ 19. Kh1 (19. Kh2 Nf3+ $11) 19... Nf3
20. Kg2 {1/2 (20) Grischuk,A (2747)-Anand,V (2817) Monte Carlo 2011}) 16... f6
17. exf6 gxf6 18. Bf4 Nxh4 19. f3 (19. Bxc7 Bg4 20. Rd3 Nf3+ 21. Kg2 h4 22. Ne4
Kf7 23. Nd6+ Kg8 $11) 19... Rd8 (19... Rg7 20. Ne4 Kf7 21. Kf2 Nxf3 (21... Nf5
22. Bxc7 $14) 22. Kxf3 Bg4+ 23. Kf2 Bxd1 24. Rxd1 $11 {0-1 (57) Efimenko,Z 
(2703)-Bacrot,E (2705) Poikovsky 2011}) 20. Kf2 (20. Rxd8+ Kxd8 21. Kf2 Nf5 22.
Rh1 Ng7 23. Bd2 (23. b3 Bf5 24. Nd1 $1 Be6 (24... Bxc2 $2 25. Ne3 Bf5 26. Ng2
$1 $16 Ne6 $2 27. Nh4 Nxf4 28. gxf4 $18) (24... Bd7 $1 25. c4 Be8 26. Bd2 Nf5
27. Bf4 Ng7 28. Ne3 Ne6 $1 29. Rxh5 Nxf4 (29... Rxg3 30. Rh8 Rg6 31. Bg3 Ng5
32. Bxc7+ Kxc7 33. Rxe8 Nh3+ 34. Ke1 Kb6 35. Re7 a5 $11) 30. gxf4 Rg2+ $1 31.
Kxg2 Bxh5 $11 {1/2 (59) Karjakin,S (2779)-Naiditsch,A (2700) Dortmund 2012/})
25. Bc1 b6 26. Ne3 Bf7 (26... Rg5 $5) 27. Ng2 Ne8 28. Nf4 Rg5) (23. Nd1 Bf7 24.
b3 b6 25. c4 Be8 26. Nc3 Ne6 27. Bc1 Rg8 28. Ne4 Ke7 29. Bb2 Rf8 30. Re1 Bg6
31. Ba3+ c5 32. Nxc5 bxc5 33. Bxc5+ Kd7 34. Rxe6 Kxe6 35. Bxf8 {1/2 (35)
Naiditsch,A (2718)-So,W (2719) Wijk aan Zee 2014}) 23... Bf5 24. Nd1 Bxc2 25.
Ne3 Bd3 26. Ng2 Ne6 27. Rxh5 Rg7 28. Bc3 Ke7 29. Rh6 Rf7 {1/2 (36) Anand,V 
(2817)-Nakamura,H (2753) Sao Paulo/Bilbao 2011}) (20. Rde1 Kf7 21. Kf2 Nf5 22.
Rh1 Ng7 23. Rd1 Rd7 24. Rxd7+ Bxd7 25. Bxc7 Bf5 26. Bb8 Bxc2 {1/2 (38) Motylev,
A (2687)-Bacrot,E (2721) Poikovsky 2014}) 20... Rxd1 21. Nxd1 Nf5 22. Rh1 Bxa2
23. Rxh5 Be6 24. g4 (24. Bxc7 Rh6 25. Rxh6 Nxh6 26. g4 Nf7 27. Ke3 (27. Nc3 f5
28. Kg3 fxg4 29. fxg4 Kd7 30. Bf4 Nd6 31. Bxd6 Kxd6 32. Kf4 {1/2 (32) Mozharov,
M (2557)-Gagunashvili,M (2579) Quezon City 2014}) 27... Kd7 28. Bb8 a5 29. Nc3
b5 30. Ne4 Ke7 $11 {1/2 (42) Solak,D (2610)-Bacrot,E (2739) Yerevan 2014})
24... Nd6 25. Rh7 Nf7 (25... f5 26. g5 Nf7 27. Rh5 Rg8 28. Kg3 Rh8 29. Rxh8+
Nxh8 30. Bxc7 $11 {1/2 (52) Giri,A (2768)-Radjabov,T (2726) Tashkent 2014}) 26.
Ne3 Kd8 27. Nf5 c5 $11 {1/2 (122) Carlsen,M (2863)-Anand,V (2792) Sochi 2014})
15. Rfe1 Rg6 16. Nce4 Rd8 {The former world champion is still working hard on
his openings. It seems that the move which saves the light-squared bishop
leads to comfortable equality for Black.} (16... Bd5 17. h4 Rd8 18. Nc3 Rd7 $11
) 17. Rxd8+ Bxd8 18. b3 Bd5 19. c4 Bxg5 {The exchange of the light squared
bishop must have appealed less to the great technical player.} (19... Bxe4 20.
Nxe4 Be7 21. Rd1 c5 $11) 20. Nxg5 Be6 21. Kg2 c5 22. Nxe6 {Adams has probably
given up any hope for an advantage and was simplifying towards a probable draw.
} (22. f3 Nd4 23. Ne4 b6 $11) 22... Rxe6 23. Rd1 Nd4 24. g4 (24. Be3 Rxe5 25.
Bxd4 cxd4 26. Rxd4 Re2 27. a4 Rb2 28. Rd3 $11) 24... hxg4 25. hxg4 Ra6 {
The best players in the world have problems achieving an advantage against
each other, but it does not usually prevent them from seeking ways to fight on.
It was much safer for Black to attack the exposed e5-pawn.} (25... Nc6 $5 26.
Kg3 (26. Bg3 Nxe5 27. Rd5 Nxg4 28. Bxc7 Rc6 $15) 26... b6 27. Rh1 Nxe5 28. Rh8+
Ke7 29. Rc8 Kd7 30. Rg8 g6 31. Rf8 Ke7 32. Rc8 $11) 26. Rd2 Ra3 27. Be3 a5 (
27... b6 28. Bxd4 cxd4 29. f4 c5 30. Kf3 a5 31. Ke4 Kd7 32. Kd5 a4 33. Rb2 axb3
34. axb3 Ra8 35. b4 Rd8 36. bxc5 Kc7+ 37. Ke4 bxc5 $11) 28. Bxd4 cxd4 29. Kf3
$1 a4 30. Rb2 axb3 31. axb3 Ra1 32. Ke4 Rd1 {[%mdl 4096] The d4-pawn needs
special protection, but Black should be able to use it for the purpose of
dfelecting the white pieces with full equality.} 33. b4 Ke7 (33... d3 $1 34.
Ke3 Kd7 35. Ra2 (35. Rd2 Rxd2 36. Kxd2 Ke6 37. f4 g5 $15) 35... g5 $11) 34. Rb3
b6 35. b5 Rg1 (35... Ke6 36. f4 Rg1 37. g5 g6 38. Rd3 Re1+ 39. Kxd4 Rf1 40. Ke3
Rc1 $11) 36. Rg3 Rf1 37. f4 g5 $6 {The impending time control plays on the
defender's nerves, Kramnik misses the most promising lines.} (37... g6 38. f5
d3 39. Rxd3 Rg1 40. Kf4 gxf5 41. gxf5 Rc1 42. Rd4 $14) 38. f5 (38. fxg5 Ke6 39.
Rh3 Re1+ 40. Kxd4 Rd1+ 41. Ke4 Re1+ 42. Re3 Rxe3+ 43. Kxe3 Kxe5 44. Kf3 Kd4 45.
Kf4 Kxc4 46. Ke5 Kxb5 47. Kf6 c5 48. Kxf7 c4 $11) 38... Rf4+ 39. Kd5 Kd7 $2 (
39... f6 $5 40. e6 d3 41. Rxd3 Rxg4 42. Rh3 $16) 40. c5 $2 {Anybody who
believes that the 40th move (time control) is not cursed has probably played
chess only for few weeks. Too many games have been spoiled and chances missed,
so it is not so surprising that Adams misses the very strong move 40.f6! with
excellent winning chances.} (40. f6 $1 Kc8 41. Rh3 Kb7 (41... Rxg4 $2 42. Kc6
$18) 42. Rd3 Rf1 (42... Rxg4 43. e6 fxe6+ 44. Kxe6 $18) 43. Rxd4 Re1 44. Rd2
Kc8 45. Rh2 Kd7 46. Rh8 $18) 40... bxc5 41. Kxc5 Re4 42. Kd5 Re3 43. Rg2 d3 44.
Rd2 (44. Kd4 Re2 45. Rg3 d2 46. Rd3 Kc8 $11) 44... Rg3 45. Rd1 (45. Kc5 Rf3 $11
) 45... Rxg4 46. Rxd3 Rf4 47. f6 {The key idea of the f-pawn advance comes way
too late under much less favourable conditions. Black will be able to hold
with precise defence.} (47. Kc5+ $5 Kc8 48. f6 g4 49. b6 cxb6+ 50. Kd6 Kd8 51.
e6 Ke8 52. Rc3 fxe6 53. Kxe6 Re4+ 54. Kf5 Re1 55. Kg6 Rf1 56. Kg7 g3 57. Rxg3
Kd7 $11) 47... Rf1 48. e6+ Ke8 (48... fxe6+ 49. Ke5+ Ke8 50. Kxe6 g4 51. Rc3
Kf8 52. Rxc7 Re1+ 53. Kf5 g3 54. b6 g2 55. b7 Rb1 56. Rg7 Rxb7 $11) 49. exf7+
Kxf7 50. Rc3 Rf5+ 51. Kc6 g4 52. Rg3 Rg5 53. Kxc7 Rxb5 54. Rxg4 1/2-1/2

[Event "Zuerich Chess Challenge 4th"]
[Site "Zuerich"]
[Date "2015.02.15"]
[Round "2"]
[White "Kramnik, Vladimir"]
[Black "Nakamura, Hikaru"]
[Result "1/2-1/2"]
[WhiteElo "2783"]
[BlackElo "2776"]
[Annotator "Ramirez Alvarez,A"]
[PlyCount "80"]
[EventDate "2015.02.14"]
[EventType "tourn"]
[EventRounds "5"]
[EventCountry "SUI"]
[EventCategory "22"]
[SourceTitle "CBM 165"]
[Source "ChessBase"]
[SourceDate "2015.03.11"]
[SourceVersion "1"]
[SourceVersionDate "2015.03.11"]
[SourceQuality "1"]

1. Nf3 d5 2. g3 Nf6 3. Bg2 e6 4. O-O Be7 5. c4 O-O 6. b3 c5 7. Bb2 Nc6 8. cxd5
Nxd5 9. d4 cxd4 10. Nxd4 Nxd4 11. Qxd4 Bf6 12. Qd2 Bd7 13. Bxd5 exd5 14. Rd1
Rc8 15. Nc3 Bc6 16. Nxd5 Bxb2 (16... Qxd5 17. Qxd5 Bxd5 18. Bxf6 Be6 {is
asking to get tortured for no reason, though the opposite colored bishops and
the incoming rook to c2 give great chances for a draw.}) 17. Qxb2 Bxd5 18. e4
Bxe4 (18... Rc5 19. Qd2 {is not nearly as convincing.}) 19. Rxd8 Rfxd8 {
your computer might give a serious advantage for White, but it is a lie. It's
impossible to break down Black's defenses. White's king is permanently weak
and there are no weaknesses to attack.} 20. b4 a6 21. a4 Rc4 22. Re1 h6 (22...
g6 23. f3 $1 $14) 23. Qe5 Bc6 24. b5 Re8 25. Qxe8+ Bxe8 26. Rxe8+ Kh7 27. Re7
f6 28. a5 Ra4 29. Rxb7 Rxa5 30. b6 Rb5 31. Kf1 a5 32. Kg2 a4 33. h4 h5 34. Rb8
Kg6 35. b7 a3 36. Ra8 a2 37. Kh3 Rxb7 38. Rxa2 Rb3 39. Kg2 Rb5 40. Re2 Ra5
1/2-1/2

[Event "Zuerich Chess Challenge 4th"]
[Site "Zuerich"]
[Date "2015.02.16"]
[Round "3"]
[White "Aronian, Levon"]
[Black "Kramnik, Vladimir"]
[Result "1/2-1/2"]
[WhiteElo "2777"]
[BlackElo "2783"]
[Annotator "Roiz,M"]
[PlyCount "122"]
[EventDate "2015.02.14"]
[EventType "tourn"]
[EventRounds "5"]
[EventCountry "SUI"]
[EventCategory "22"]
[SourceTitle "CBM 165"]
[Source "ChessBase"]
[SourceDate "2015.03.11"]
[SourceVersion "1"]
[SourceVersionDate "2015.03.11"]
[SourceQuality "1"]

1. c4 e6 2. g3 d5 3. Bg2 Nf6 4. Nf3 Be7 5. O-O O-O 6. d4 dxc4 7. Qc2 a6 8. a4
Bd7 9. Qxc4 Bc6 10. Bg5 a5 {Vladimir goes for an old-fashionable and solid way
to handle this position. Black allows White to seize the centre, relying on
their pair of bishops.} ({In the following top-level game White was able to
secure some stable edge:} 10... Bd5 11. Qd3 c5 12. Nc3 Bc6 13. Rfd1 cxd4 14.
Bxf6 Bxf6 15. Nxd4 Bxg2 16. Kxg2 Bxd4 17. Qxd4 Nc6 18. Qc5 Qc7 19. Ne4 $14 {
1/2-1/2 Wang Yue (2752)-Jakovenko,D (2725)/Astrakhan 2010}) 11. Nc3 Na6 12.
Bxf6 {The most ambitious - White immediately seizes a lot of space.} ({The
deviations are hardly dangerous for Black:} 12. Rac1 Bd5 13. Qd3 (13. Nxd5 exd5
14. Qb5 Nb4 $11) 13... Nb4 14. Qb1 Bc4 15. Rfe1 h6 16. Bf4 c6 17. b3 Ba6 $11 {
1/2-1/2 (34) Meier,G (2648)-Sanikidze,T (2585)/Istanbul TUR 2012}) (12. e3 Nb4
13. Rfd1 h6 14. Bxf6 Bxf6 15. Rac1 Bxf3 16. Bxf3 c6 17. h4 Qb6 18. Ne4 Be7 19.
Nc5 Qc7 20. e4 Rad8 21. Kg2 e5 $11 {1/2-1/2 Bareev,E (2675)-Shneider,A (2530)/
Moscow 1995}) 12... Bxf6 13. e4 Nb4 14. Rfd1 g6 {A useful prophylactic move -
the bishop gets a safe square for retreat.} ({The common} 14... b6 {can be
strongly met by:} 15. Ne1 $1 (15. Rac1 Bb7 16. e5 Be7 17. Ne1 {1/2-1/2
Kaidanov,G (2640)-Karpov,A (2760)/Tilburg 1993/CBM 039}) 15... Be7 (15... Qd7
16. e5 Be7 17. Bxc6 Nxc6 18. Nb5 Rfc8 19. Nc2 $14) 16. Nb5 (16. d5 exd5 17.
exd5 Bd7 18. d6 Bxd6 19. Bxa8 Qxa8 $44) 16... Qd7 17. Rac1 Rad8 18. Nc2 Bxb5
19. axb5 $14) 15. h4 {Accordingly to his spectacular style, Levon chooses the
most aggressive continuation.} ({After} 15. Rac1 Bg7 {Black often manages to
solve their space problems, while the d4-d5 advancement usually leads to
simplifications. For instance,} 16. d5 exd5 17. exd5 Bd7 18. Nd4 Qc8 (18... Re8
$5 19. Ncb5 Bxb5 20. Nxb5 Bxb2 21. Nxc7 Rc8 22. Bh3 Rxc7 23. Qxc7 Bxc1 24. Qxc1
Qd6 $11) 19. b3 c6 20. d6 Bg4 21. Rd2 Qd7 22. Ne4 b6 $132 (22... Nd5 $2 23. Nc5
Qxd6 24. Nxb7 $16 {1/2-1/2 Gelfand,B (2701)-Svidler,P (2686)/Moscow 2001 (92)})
) 15... Bg7 16. Rd2 ({Levon deviates from his previous successful game in this
line:} 16. h5 b6 ({Possibly,} 16... Rc8 $5 17. hxg6 hxg6 18. e5 Qe7 {offers
Black an adequate play}) 17. hxg6 hxg6 18. Nh2 Qd7 (18... Rc8 19. e5 Bd5 20.
Nxd5 exd5 21. Qe2 c5 $132) 19. e5 Bxg2 20. Kxg2 c5 21. dxc5 Qc6+ 22. Nf3 Rfd8
23. Qh4 $40 {1-0 (38) Aronian,L (2773)-Alekseev,E (2725)/Ohrid 2009/CBM 133/
[Ftacnik,L]}) 16... Rc8 {Vladimir Kramnik has a rich experience of Catalan. He
deviates from the standard b7-b6 advancement, keeping his pawn sturcture more
flexible.} 17. Rad1 Qe7 18. d5 $146 {This novelty doesn't seem very dangerous,
but Black has some concrete problems to solve.} (18. Ng5 h6 19. Nf3 Rfd8 (19...
b6 20. d5 Bd7 21. Nd4 exd5 22. exd5 Bg4 23. Nc6 Nxc6 24. Qxg4 Ne5 25. Qe2 $14 {
1-0 Lputian,S (2605)-Polgar,J (2658)/Wijk aan Zee 2000 (60)}) 20. Bh3 b6 21. d5
exd5 22. Nxd5 Bxd5 23. exd5 Rb8 24. h5 g5 $11) 18... Bd7 $6 {Vladimir's
decision looks natural from human point of view - opening up the e-file should
basically suit White. However, the text move has a tactical drawback.} ({
It looks like after} 18... exd5 $142 19. exd5 Bd7 20. Re1 Qd6 {Black's strong
dark-squared bishop should guarantee an easy equality. For isntance,} 21. Nd4
Rfe8 22. Rxe8+ Rxe8 23. Ndb5 Bxb5 24. Nxb5 Qe7 25. Rd1 Be5 $11) 19. Bh3 $1 exd5
{Releasing the pressure in the centre is practically forced.} (19... Bxc3 20.
Qxc3 exd5 21. Bxd7 Qxd7 22. Ne5 Qd6 23. exd5 $36) 20. Nxd5 Nxd5 21. Bxd7 Nb6 ({
Black would have faced even more problems after} 21... Qxd7 $6 22. Rxd5 Qg4 23.
Kg2 Rce8 24. Qxc7 Qxe4 25. Rxa5 Rc8 26. Qb6 Rc2 27. Rd8 $16 {White has a heavy
extra pawn.}) 22. Qc2 Rcd8 (22... Nxd7 23. Rxd7 Qb4 24. e5 $16) 23. Qxc7 Nxa4
24. e5 $14 {White's pieces are much more active now, but Black has no real
weaknesses.} Nc5 25. Rd5 b6 {It looks like White's bishop is pinned, but
actually it restricts all Black's forces. White is firmly in a control here,
but it's not easy to make progress.} 26. Qc6 {Unpinning the bishop looks most
reasonable.} ({The quiet} 26. Kg2 $5 Rb8 27. Nd4 Rfc8 28. Qxc8+ Rxc8 29. Bxc8
$14 {looks also unpleasant for Black.}) 26... Rxd7 {Vladimir is looking for
simplifications, but it doesn't really solve his problems.} ({Possible, the
lesser evil would be} 26... Rb8 27. Qb5 Nxd7 28. Rxd7 Qc5 29. Qe2 $14) 27. Rxd7
Nxd7 28. Rxd7 Qe8 {After that move Black's pieces desperately lack space.} ({
The more natural} 28... Qc5 {could be strongly met by:} 29. Qe4 $1 ({After} 29.
Qxc5 bxc5 30. Rc7 f6 $1 {Black gets an excellent drawish chances due to a
reduced material ballance. For instance,} 31. Rxc5 fxe5 32. Nd2 (32. Ng5 h6 33.
Ne6 Rb8 34. Rxa5 Rxb2) 32... Rb8 33. Rxa5 Rxb2 34. Ra8+ Kf7 35. Ra7+ Kg8 $14)
29... h6 (29... Qc1+ 30. Kg2 Qxb2 31. h5 Qb4 32. Nd4 $40) 30. b3 Re8 31. Kg2
$14 {with strong pressure.}) 29. Qd5 h6 (29... a4 30. Ra7 Qd8 31. Qxd8 Rxd8 32.
Rxa4 $16) 30. Rb7 ({The patient} 30. Kg2 $5 {deserved a serious attention as
well:} Qa8 31. Rb7 Qd8 32. Qb5 $16) 30... Qd8 31. Qb5 ({Dubious is} 31. Qxd8 $2
Rxd8 32. Rxb6 Rd5 $11) 31... g5 {Being under strong pressure, Vladimir doesn't
mind to complicate the matters.} ({After} 31... Re8 32. Rxb6 Bxe5 33. Nxe5 (33.
h5 $5) 33... Rxe5 34. Rxg6+ fxg6 35. Qxe5 $16 {the arising edngame is rather
difficult for Black in view of vulnerablity of their king.}) 32. hxg5 {This
decision is double-edged. The g-pawn is getting weak now, but any exchange is
definitely in Black's favoure.} ({White would keep an excellent winning
chances after} 32. Rxb6 Qd1+ 33. Kg2 g4 34. Nh2 Qd4 (34... h5 35. Qxa5 Qd4 36.
Rb4 Qxe5 37. Qxe5 Bxe5 38. Nf1 $16) 35. Qc6 Bxe5 36. Rb5 Bg7 37. Rxa5 $16)
32... hxg5 33. Rxb6 (33. Qc4 Qc8 34. Qe4 Re8 35. Ra7 $16) 33... g4 34. Nh4 $6 {
This move doesn't create an immediate threat and spoils the lion's part of
advantage.} ({The more concrete approach was} 34. Nh2 $142 Qd2 35. Kg2 Qd4 36.
Qc6 Bxe5 37. Rb5 Qd6 38. Qxd6 Bxd6 39. Nxg4 $16) 34... Qd1+ 35. Kg2 Qd4 36. Qc6
({Levon is deviating from} 36. Qxa5 Qe4+ 37. Kh2 Qd4 38. Kg1 Rc8 39. Rc6 Re8
40. Qc5 Rxe5 41. Qxd4 Re1+ 42. Kg2 Bxd4 $14 {Indeed, it looks like the
activity of Black's pieces promises an excellent drawish chances. However, it
still could be White's best try.}) 36... Qxe5 37. Qc4 $6 {An unsuccessful
choice.} ({After} 37. Rb5 Qe6 38. Qb7 Qc8 39. Qxc8 Rxc8 40. Nf5 Rc2 41. b3 Ra2
$14 {Black is able to exchange the last q-side pawn.}) ({Possibly, the best
practical chance was} 37. b3 Rb8 38. Rxb8+ Qxb8 39. Qd5 Qb4 40. Nf5 Bf8 41. Ne3
$14) 37... Qd4 $6 {Returning the favoure.} ({Black could have solved all their
problems after} 37... Re8 38. Rb5 Qe4+ 39. Qxe4 Rxe4 $11) 38. Qxd4 {White
manages to win a pawn, but Black's defensive task becomes much easier.} ({
The correct} 38. Qc6 $1 Rd8 39. Nf5 Qe5 40. Ne3 $14 {would allow Levon to
maintain the pressure.}) 38... Bxd4 39. Rb5 Ra8 40. Nf5 Bg7 41. Ne3 a4 {
Finally the Pg4 is lost, but there are not many pawns left on the board.} 42.
Nxg4 Rd8 43. Ra5 Rd4 44. Ne3 Rd2 45. Nf1 ({Avoiding the rook ending:} 45. Rxa4
Bd4 46. Kf3 Bxe3 47. Kxe3 Rxb2 $11) 45... Rd4 {Having such passive pieces,
White hardly may pose Black any serious problems here.} 46. Rb5 Bf8 47. Ne3 Rb4
48. Rg5+ (48. Rxb4 Bxb4 49. Nd5 a3 50. bxa3 Bxa3 {is also pretty much drawish.}
) 48... Kh7 49. Rh5+ Kg8 50. Ra5 Rxb2 51. Rxa4 Bc5 52. Nd1 Rd2 53. Ra1 {
Now White cannot make any progress.} Kg7 54. Kf1 Kg6 55. Rb1 f5 $11 56. Ke1 Rc2
57. Rb8 Kf6 58. Rh8 Bb4+ 59. Kf1 Rd2 60. Ne3 Bc5 61. Rh6+ Kg5 1/2-1/2

[Event "Gashimov Memorial 2nd"]
[Site "Shamkir"]
[Date "2015.04.17"]
[Round "1"]
[White "Kramnik, Vladimir"]
[Black "Adams, Michael"]
[Result "1-0"]
[WhiteElo "2783"]
[BlackElo "2745"]
[Annotator "Havasi,G"]
[PlyCount "77"]
[EventDate "2015.04.17"]
[EventType "tourn"]
[EventRounds "9"]
[EventCountry "AZE"]
[EventCategory "21"]
[SourceTitle "CBM 166"]
[Source "ChessBase"]
[SourceDate "2015.05.11"]
[SourceVersion "1"]
[SourceVersionDate "2015.05.11"]
[SourceQuality "1"]

1. Nf3 d5 2. g3 Nf6 3. Bg2 e6 4. O-O Be7 5. c4 O-O 6. d4 {We are in the
Catalan.} dxc4 7. Ne5 (7. Qc2 {is the other big main line.}) 7... Nc6 8. Bxc6
bxc6 9. Nxc6 Qe8 10. Nxe7+ Qxe7 {This position is a very important one for the
evaluation of the whole Catalan.} 11. Na3 $5 (11. Qa4 {is the other line} e5
12. dxe5 Qxe5 13. Qxc4 Be6 {etc.}) 11... c5 (11... Rd8 12. Qc2 (12. Nxc4 c5 {
was good for Black in some games}) 12... c5 (12... Rxd4 13. Nxc4 Qc5 14. b3 Rd8
15. Ba3 $14) 13. dxc5 Qxc5 14. Be3 Qh5 {1-0 (37) Kjartansson,G (2446)-Sabuk,P 
(2206) Legnica POL 2013}) (11... e5 12. dxe5 Qxe5 13. Nxc4 $14 {1/2 (35)
Andrews,S-Arganian,D East Lansing 1991}) (11... Qb4 12. Qc2 $142 (12. Qd2 Rb8
13. Qxb4 Rxb4 14. Rb1 Ba6 {0-1 (28) Epp,E-Salman,J (2198) Bermuda 2005})) 12.
dxc5 Qxc5 13. Be3 Qc6 $146 (13... Qb4 {was played by Nakamura} 14. Qc1 (14. Qc2
Ba6 15. Bd2 Qb6 {1/2 (40) Omelka,R (2115)-Dobes,V (2061) Czechia 2011}) 14...
Ba6 15. Bd4 Rfd8 16. Rd1 Rac8 17. Qc3 Qa4 $13 {1-0 (50) Aronian,L (2797)
-Nakamura,H (2767) Saint Louis USA 2014}) (13... Qh5 {was playec by Anand} 14.
f3 c3 15. bxc3 Qa5 16. Qc1 Ba6 17. c4 Rac8 $44 {1/2 (31) Kramnik,V (2787)
-Anand,V (2770) Khanty-Mansiysk RUS 2014}) 14. Rc1 Bb7 {Black provokes f3 to
weaken the g1-a7 diagonal.} 15. f3 Ba6 16. Nxc4 Bxc4 17. Qd4 Rfc8 18. b3 Qa6
19. bxc4 Qxa2 20. Kf2 $14 {White is already better} a5 21. Bg5 {White attacks
the N and forces Ne8.} (21. g4 {is the thematic move} Qa4 22. g5 Ne8 23. Rfd1
$14) 21... e5 $1 22. Qd6 Rd8 (22... e4 $1 23. Bxf6 exf3 24. Kxf3 gxf6 {leads
to a very unclear position.}) 23. Qb6 Rab8 (23... Rdb8 $1 {was important} 24.
Qe3 a4 $11) 24. Rfd1 $1 Re8 25. Qe3 $14 {White has seized the initiative.} a4
26. Bxf6 gxf6 27. Qe4 {White tries to activate the Q.} (27. c5 $1 $14) 27... a3
28. Rd7 Rbd8 $6 (28... Red8 $1 {the other R should stay on the b-file} 29. Rcd1
Rxd7 30. Rxd7 Qb3 $11) 29. Ra7 $1 {Black's Q can't go away.} Qb2 {If it
nevertheless does so...} 30. Rb1 $1 f5 $2 (30... Qc3 31. Qg4+ $16) (30... Qd4+
$1 31. Qxd4 Rxd4 32. Rb4 $1 Rc8 33. Rb6 Rcxc4 34. Rxf6 $1 $14) 31. Rxb2 fxe4
32. Rxa3 $16 Rd4 33. Rc2 Rc8 34. c5 exf3 35. Rxf3 Rc6 36. Rd3 Rxd3 37. exd3 f5
38. d4 exd4 39. Ke2 1-0